[Event "TV Borken 1 - SF Beelen 1"]
[Site "Verbandsliga 2015/2016"]
[Date "2016.02.13"]
[Round "6.4"]
[White "Farwick, Christian"]
[Black "Wältermann, Thomas"]
[Result "1/2-1/2"]
[WhiteElo "1828"]
[BlackElo "1777"]
[PlyCount "62"]
[EventDate "2016.??.??"]
[SourceDate "2015.09.20"]

1. Nf3 Nf6 2. d4 g6 3. Bf4 Bg7 4. e3 d6 5. c3 Nbd7 6. h3 c5 7. Nbd2 a6 8. Be2
b5 9. O-O O-O 10. Qc2 Bb7 11. Rac1 Qb6 12. b3 Rfc8 13. Qb2 Ne4 14. Nxe4 Bxe4
15. Nd2 Bb7 16. Bf3 Bxf3 17. Nxf3 c4 18. b4 a5 19. a3 axb4 20. axb4 Ra4 21. Ra1
Rca8 22. Rxa4 Rxa4 23. Ra1 Qa6 24. Rxa4 Qxa4 25. Qc1 Qa8 26. Nd2 Nb6 27. e4 e5
28. dxe5 dxe5 29. Be3 Na4 30. f3 Qd8 31. Qc2 Bf6 1/2-1/2

[Event "TV Borken 1 - SF Beelen 1"]
[Site "Verbandsliga 2015/2016"]
[Date "2016.02.13"]
[Round "6.5"]
[White "Hanewinkel, Christian"]
[Black "Theißen, Frank"]
[Result "1/2-1/2"]
[WhiteElo "1694"]
[BlackElo "1757"]
[PlyCount "88"]
[EventDate "2016.??.??"]
[SourceDate "2015.09.20"]

1. Nf3 c5 2. b3 d5 3. e4 dxe4 4. Ng5 Nf6 5. Bc4 e6 6. Nc3 Be7 7. Ngxe4 Nxe4 8.
Nxe4 Qd4 9. Nc3 a6 10. a4 Bd7 11. Be2 b6 12. Bb2 Qf4 13. g3 Qc7 14. Ne4 Bc6 15.
f3 O-O 16. O-O Nd7 17. d3 f5 18. Nd2 b5 19. f4 Bf6 20. Bxf6 Nxf6 21. Bf3 Nd5
22. Qe2 Rae8 23. Rfe1 Nb4 24. Bxc6 Nxc6 25. Nf3 b4 26. Qf2 Qd6 27. Rad1 e5 28.
fxe5 Nxe5 29. Nxe5 Rxe5 30. Rxe5 Qxe5 31. Qf4 Qxf4 32. gxf4 Kf7 33. Kf2 Re8 34.
Kf3 Re6 35. Rd2 Kf6 36. c3 a5 37. cxb4 cxb4 38. Rc2 Rd6 39. Ke3 h6 40. h4 g5
41. hxg5+ hxg5 42. fxg5+ Kxg5 43. Rc5 Re6+ 44. Kf3 Rd6 1/2-1/2

[Event "TV Borken 1 - SF Beelen 1"]
[Site "Verbandsliga 2015/2016"]
[Date "2016.02.13"]
[Round "6.6"]
[White "Rickert, Berthold"]
[Black "Hofene, Josef"]
[Result "1/2-1/2"]
[WhiteElo "1803"]
[BlackElo "1697"]
[PlyCount "46"]
[EventDate "2016.??.??"]
[SourceDate "2015.09.20"]

1. c4 e5 2. Nc3 Nf6 3. g3 c6 4. Nf3 d6 5. Bg2 Be7 6. O-O O-O 7. e4 a5 8. d4 Qc7
9. d5 Nbd7 10. Ne1 Nc5 11. Nd3 Nxd3 12. Qxd3 Bd7 13. f4 Ng4 14. Qe2 Qb6+ 15.
Kh1 exf4 16. gxf4 Bh4 17. Bf3 f5 18. Kg2 Rae8 19. h3 Nh6 20. e5 dxe5 21. fxe5
cxd5 22. Bxd5+ Kh8 23. Bf4 Nf7 1/2-1/2

[Event "TV Borken 1 - SF Beelen 1"]
[Site "Verbandsliga 2015/2016"]
[Date "2016.02.13"]
[Round "6.7"]
[White "Schemmann, Bernhard"]
[Black "Klüppel, Ralf"]
[Result "1/2-1/2"]
[WhiteElo "1856"]
[BlackElo "1677"]
[PlyCount "28"]
[EventDate "2016.??.??"]
[SourceDate "2015.09.20"]

1. d4 Nf6 2. c4 g6 3. Nc3 d5 4. Nf3 Bg7 5. Qb3 dxc4 6. Qxc4 O-O 7. e4 Na6 8. h3
c5 9. d5 e6 10. Be2 exd5 11. exd5 Re8 12. O-O Bf5 13. Bf4 Qb6 14. Na4 Qb4
1/2-1/2

[Event "TV Borken 1 - SF Beelen 1"]
[Site "Verbandsliga 2015/2016"]
[Date "2016.02.13"]
[Round "6.8"]
[White "Schäfers, Serge"]
[Black "Radinger, Rudolf"]
[Result "1/2-1/2"]
[WhiteElo "1602"]
[BlackElo "1619"]
[PlyCount "57"]
[EventDate "2016.??.??"]
[SourceDate "2015.09.20"]

1. e4 e5 2. f4 exf4 3. Nf3 Nf6 4. Nc3 d6 5. d4 Be7 6. Bxf4 O-O 7. Be2 a6 8. O-O
Nbd7 9. Kh1 d5 10. exd5 Nb6 11. Be3 Nbxd5 12. Nxd5 Nxd5 13. Bd2 c6 14. Bd3 Be6
15. c3 h6 16. Qe1 Bf6 17. Qe4 Re8 18. Qh7+ Kf8 19. c4 Ne7 20. Bb4 g6 21. Qxh6+
Bg7 22. Qf4 Kg8 23. Bxe7 Rxe7 24. Rad1 Qa5 25. a3 Qa4 26. Qh4 Rae8 27. Ng5 Bxc4
28. Bxc4 Qxc4 29. Qf2 1/2-1/2

[Event "SG Ahaus-Wessum 1 - SF Olfen 1"]
[Site "Verbandsliga 2015/2016"]
[Date "2016.02.13"]
[Round "6.1"]
[White "Koke, Christoph"]
[Black "Schulze Ameling, Hendrik"]
[Result "1-0"]
[WhiteElo "2070"]
[BlackElo "2025"]
[PlyCount "135"]
[EventDate "2016.??.??"]
[SourceDate "2015.09.20"]

1. d4 f5 2. Nf3 Nf6 3. g3 g6 4. Bg2 Bg7 5. O-O O-O 6. b3 d6 7. Bb2 c6 8. Nbd2
a5 9. c4 Na6 10. Qc2 Rb8 11. Ne1 Qb6 12. Nd3 Bd7 13. e3 g5 14. a3 Be8 15. b4
axb4 16. axb4 Kh8 17. Bc3 Qd8 18. f4 e6 19. Rfe1 d5 20. fxg5 Ne4 21. Nxe4 fxe4
22. Nf4 Nc7 23. h4 Qe7 24. cxd5 exd5 25. Bd2 Nb5 26. Qc5 Rf7 27. Qxe7 Rxe7 28.
Ra2 Bf7 29. Bf1 Nxd4 30. exd4 Bxd4+ 31. Kg2 e3 32. Bc1 Bc3 33. Rxe3 Rxe3 34.
Bxe3 d4 35. Rc2 Rd8 36. Bf2 Bxb4 37. Bd3 c5 38. h5 Bc3 39. g6 hxg6 40. hxg6 Bb3
41. Rc1 Ra8 42. Be4 Ra1 43. Rxa1 Bxa1 44. Bxb7 Bc2 45. Ba6 Kg7 46. Ne6+ Kxg6
47. Nxc5 Kf6 48. Kf3 Ke5 49. Nd3+ Kf5 50. Bc8+ Kg5 51. Ke4 Bc3 52. Bxd4 Ba5 53.
Be3+ Kg6 54. Bf5+ Kf6 55. g4 Bd8 56. g5+ Kg7 57. Bd4+ Kf8 58. Kf4 Bxg5+ 59.
Kxg5 Bb3 60. Kf6 Bd1 61. Bd7 Bc2 62. Nf4 Kg8 63. Be8 Kh7 64. Bc5 Kg8 65. Nh3
Kh8 66. Bf7 Bb1 67. Bf8 Bc2 68. Bg7+ 1-0

[Event "SG Ahaus-Wessum 1 - SF Olfen 1"]
[Site "Verbandsliga 2015/2016"]
[Date "2016.02.13"]
[Round "6.2"]
[White "Rosing, Hermann"]
[Black "Beutelhoff, Josef"]
[Result "1/2-1/2"]
[WhiteElo "1950"]
[BlackElo "2037"]
[PlyCount "34"]
[EventDate "2016.??.??"]
[SourceDate "2015.09.20"]

1. f4 Nf6 2. Nf3 c5 3. g3 g6 4. Bg2 Bg7 5. d3 d5 6. O-O Nc6 7. c3 O-O 8. Na3
Rb8 9. Qe1 b5 10. Ne5 Nxe5 11. fxe5 Nd7 12. Bxd5 Nxe5 13. Bg2 Bb7 14. Nc2 Bxg2
15. Kxg2 Nd7 16. Be3 e5 17. Qf2 Rc8 1/2-1/2

[Event "SG Ahaus-Wessum 1 - SF Olfen 1"]
[Site "Verbandsliga 2015/2016"]
[Date "2016.02.13"]
[Round "6.3"]
[White "Althoff, Ralph"]
[Black "Bauland, Thomas"]
[Result "1-0"]
[WhiteElo "1978"]
[BlackElo "1849"]
[PlyCount "105"]
[EventDate "2016.??.??"]
[SourceDate "2015.09.20"]

1. e4 e6 2. d4 d5 3. e5 c5 4. c3 Nc6 5. Nf3 Nh6 6. Bd3 cxd4 7. cxd4 f6 8. O-O
Nf7 9. Re1 fxe5 10. dxe5 Nb4 11. Bf1 Qc7 12. Nc3 a6 13. Bf4 Be7 14. Rc1 Nc6 15.
Bd3 Qd8 16. Qd2 h6 17. Bg6 O-O 18. Bb1 Nh8 19. Bg3 Bg5 20. Nxg5 Qxg5 21. f4 Qd8
22. Bf2 Ne7 23. Bc5 Bd7 24. Qd3 g6 25. Qh3 Kg7 26. Ne2 Qe8 27. Nd4 Qf7 28. Bxe7
Qxe7 29. Rc7 Rf7 30. Rxb7 Qc5 31. Qe3 Qc8 32. Rb3 Rb8 33. Rc3 Qf8 34. Rc7 Qd8
35. Qc3 Rc8 36. Rc1 Rxc7 37. Qxc7 Qxc7 38. Rxc7 Kf8 39. g3 Re7 40. Bd3 a5 41.
Ra7 a4 42. Ra8+ Re8 43. Ra7 Rd8 44. Kf2 g5 45. f5 Nf7 46. fxe6 Nxe5 47. exd7
Nxd3+ 48. Ke3 Nc5 49. Rc7 Na6 50. Rc8 Ke7 51. Nc6+ Kxd7 52. Rxd8+ Kxc6 53. Rh8
1-0

[Event "SG Ahaus-Wessum 1 - SF Olfen 1"]
[Site "Verbandsliga 2015/2016"]
[Date "2016.02.13"]
[Round "6.4"]
[White "Diehlmann, Christian"]
[Black "Grawunder, Jürgen"]
[Result "0-1"]
[WhiteElo "1874"]
[BlackElo "1969"]
[PlyCount "84"]
[EventDate "2016.??.??"]
[SourceDate "2015.09.20"]

1. d4 Nf6 2. c4 c5 3. d5 b5 4. cxb5 a6 5. e3 axb5 6. Bxb5 Qa5+ 7. Nc3 Ne4 8.
Qd3 Nxc3 9. bxc3 Ba6 10. Bxa6 Nxa6 11. Bd2 g6 12. Ne2 Bg7 13. O-O O-O 14. Rfb1
Qc7 15. Rb5 Qd6 16. e4 Nc7 17. Rb7 f5 18. f3 fxe4 19. fxe4 Be5 20. g3 Ne8 21.
Rab1 Qf6 22. Bf4 Rxa2 23. Qc4 Ra5 24. Rxd7 Nd6 25. Qd3 g5 26. Rf1 gxf4 27. gxf4
Qg6+ 28. Kh1 Nxe4 29. Qe3 Qe8 30. Rg1+ Bg7 31. Qxe4 Qxd7 32. Ng3 c4 33. Nh5 Rf7
34. Nxg7 Rxg7 35. Rxg7+ Kxg7 36. Qe5+ Kf7 37. Qh5+ Kf8 38. Qh6+ Ke8 39. Qxh7
Qxd5+ 40. Kg1 Ra1+ 41. Kf2 Qd2+ 42. Kg3 Qd3+ 0-1

[Event "SG Ahaus-Wessum 1 - SF Olfen 1"]
[Site "Verbandsliga 2015/2016"]
[Date "2016.02.13"]
[Round "6.5"]
[White "Engelkamp, Stephan"]
[Black "Winking, Hendirk"]
[Result "1-0"]
[WhiteElo "1897"]
[BlackElo "1954"]
[PlyCount "83"]
[EventDate "2016.??.??"]
[SourceDate "2015.09.20"]

1. c4 Nf6 2. Nc3 g6 3. e4 d6 4. d4 Bg7 5. f3 O-O 6. Be3 e5 7. d5 Ne8 8. Qd2 f5
9. O-O-O f4 10. Bf2 Rf7 11. Nge2 c5 12. Kb1 Bd7 13. Nc1 Na6 14. Be2 Nac7 15. g3
a6 16. gxf4 exf4 17. h4 b5 18. Rdg1 bxc4 19. Bxc4 Nb5 20. N1e2 Rb8 21. Ka1 Nxc3
22. Nxc3 Bb5 23. Bb3 Qe7 24. h5 g5 25. h6 Bf6 26. e5 Qxe5 27. Re1 Qf5 28. Re6
Bd3 29. Rhe1 Be5 30. Bxc5 Rd7 31. Bxd6 Bxd6 32. Rxe8+ Rxe8 33. Rxe8+ Kf7 34.
Re1 Rb7 35. Rd1 Bb5 36. Ne4 Qe5 37. Re1 Kg8 38. Rg1 Be7 39. Nc3 Bd7 40. Re1 Qf6
41. Bc2 Bf5 42. Re6 1-0

[Event "SG Ahaus-Wessum 1 - SF Olfen 1"]
[Site "Verbandsliga 2015/2016"]
[Date "2016.02.13"]
[Round "6.6"]
[White "Woltering, Martin"]
[Black "Pinno, Gregor"]
[Result "1-0"]
[WhiteElo "1733"]
[BlackElo "1780"]
[PlyCount "85"]
[EventDate "2016.??.??"]
[SourceDate "2015.09.20"]

1. e4 c5 2. Nc3 Nc6 3. f4 g6 4. Nf3 Bg7 5. Bb5 e6 6. O-O Nge7 7. Bxc6 Nxc6 8.
d3 O-O 9. Be3 b6 10. Qe1 d5 11. Bd2 Rb8 12. e5 b5 13. Qg3 a5 14. a3 Qe7 15. Qh3
b4 16. axb4 axb4 17. Nd1 Bb7 18. Nf2 Ra8 19. Ng5 h6 20. Nf3 Rxa1 21. Rxa1 Ra8
22. Re1 Ra2 23. Bc1 Bc8 24. Ng4 h5 25. Ne3 Bd7 26. g4 hxg4 27. Nxg4 Ra1 28. c3
bxc3 29. bxc3 Na5 30. Ng5 Nb3 31. Nh7 f5 32. exf6 Qd6 33. fxg7 Nxc1 34. Nhf6+
Kxg7 35. Qh7+ Kf8 36. Nxd7+ Ke8 37. Nge5 Ne2+ 38. Kf2 Rxe1 39. Kxe1 Nxc3 40.
Qg8+ Ke7 41. Qxg6 Qa6 42. Qf7+ Kd6 43. Qf8+ 1-0

[Event "SG Ahaus-Wessum 1 - SF Olfen 1"]
[Site "Verbandsliga 2015/2016"]
[Date "2016.02.13"]
[Round "6.7"]
[White "Behrend, Bastian"]
[Black "Kemper, Josef"]
[Result "1-0"]
[WhiteElo "1577"]
[BlackElo "1828"]
[PlyCount "69"]
[EventDate "2016.??.??"]
[SourceDate "2015.09.20"]

1. f4 d5 2. Nf3 c5 3. e3 Nf6 4. b3 Nc6 5. Bb2 e6 6. Bb5 Bd7 7. O-O Be7 8. d3
Nb8 9. Bxd7+ Nbxd7 10. Nbd2 Qb6 11. Qe2 O-O 12. Ne5 Nxe5 13. Bxe5 Rac8 14. g4
Nd7 15. Bb2 f6 16. Rf3 e5 17. Raf1 exf4 18. Rxf4 Bd6 19. Rf5 Be5 20. Bxe5 Nxe5
21. Qg2 Qe6 22. g5 fxg5 23. Qxg5 Nf7 24. Qf4 Rce8 25. e4 dxe4 26. Nxe4 Qe7 27.
Qg3 b6 28. Nf6+ Kh8 29. Nxe8 Qxe8 30. Qe1 Qc6 31. Qe7 Qg6+ 32. Kh1 Qc6+ 33.
R1f3 Re8 34. Rxf7 h6 35. Qxe8+ 1-0

[Event "SG Ahaus-Wessum 1 - SF Olfen 1"]
[Site "Verbandsliga 2015/2016"]
[Date "2016.02.13"]
[Round "6.8"]
[White "Terdues, Guido"]
[Black "Limberg, Johannes"]
[Result "0-1"]
[WhiteElo "1703"]
[BlackElo "1431"]
[PlyCount "70"]
[EventDate "2016.??.??"]
[SourceDate "2015.09.20"]

1. f4 d5 2. Nf3 c5 3. e3 a6 4. b3 Bf5 5. Bb2 e6 6. Be2 Nf6 7. O-O Nc6 8. d3 Be7
9. Qe1 Qb6 10. Ne5 c4 11. Bd1 cxd3 12. Nxd3 d4 13. Nd2 dxe3 14. Nc4 Qa7 15.
Qxe3 Qxe3+ 16. Nxe3 Bxd3 17. cxd3 Bc5 18. Rf3 Nd5 19. Kf2 Nxe3 20. Rxe3 Bxe3+
21. Kxe3 O-O 22. a3 Rfd8 23. Bf3 Rac8 24. b4 Rd7 25. g4 Ne7 26. h4 Nd5+ 27. Ke4
Rc2 28. Bd4 Rh2 29. Rc1 Rc7 30. Rxc7 Nxc7 31. Ke5 f6+ 32. Kd6 Nb5+ 33. Kc5 Rc2+
34. Kb6 Nxd4 35. Bxb7 Ra2 0-1